<?xml version="1.0" encoding="UTF-8"?>
<collection xmlns="http://www.loc.gov/MARC21/slim">
 <record>
  <leader>00890pam a22002178a 4500</leader>
  <controlfield tag="001">00020191</controlfield>
  <controlfield tag="005">20180920150902.0</controlfield>
  <controlfield tag="008">110513s2001                  ||||||Engsd</controlfield>
  <datafield tag="041" ind1="0" ind2="#">
   <subfield code="a">Eng-Vie</subfield>
  </datafield>
  <datafield tag="082" ind1="1" ind2="4">
   <subfield code="a">004.03</subfield>
   <subfield code="b">T550Đ</subfield>
  </datafield>
  <datafield tag="245" ind1="0" ind2="0">
   <subfield code="a">Từ điển an toàn thông tin Anh - Việt và Việt - Anh</subfield>
  </datafield>
  <datafield tag="246" ind1="0" ind2="1">
   <subfield code="a">English - Vietnamese and Vietnamese - English dictionary of information security</subfield>
  </datafield>
  <datafield tag="260" ind1="#" ind2="#">
   <subfield code="a">H.</subfield>
   <subfield code="b">Khoa học kỹ thuật</subfield>
   <subfield code="c">2001</subfield>
  </datafield>
  <datafield tag="300" ind1="#" ind2="#">
   <subfield code="a">843 tr.</subfield>
   <subfield code="c">24 cm.</subfield>
  </datafield>
  <datafield tag="650" ind1="#" ind2="4">
   <subfield code="a">Thông tin</subfield>
  </datafield>
  <datafield tag="650" ind1="#" ind2="4">
   <subfield code="a">Tin học</subfield>
  </datafield>
  <datafield tag="650" ind1="#" ind2="4">
   <subfield code="a">Từ điển</subfield>
  </datafield>
  <datafield tag="852" ind1="#" ind2="#">
   <subfield code="b">Kho đọc</subfield>
  </datafield>
  <datafield tag="852" ind1="#" ind2="#">
   <subfield code="j">KD.0007567</subfield>
   <subfield code="j">KM.0026294</subfield>
   <subfield code="j">KM.0026289</subfield>
   <subfield code="j">KM.0026446</subfield>
   <subfield code="j">KM.0026409</subfield>
   <subfield code="j">KM.0026434</subfield>
   <subfield code="j">KM.0026435</subfield>
   <subfield code="j">KM.0026437</subfield>
   <subfield code="j">KM.0026438</subfield>
   <subfield code="j">KM.0026440</subfield>
   <subfield code="j">KM.0026443</subfield>
   <subfield code="j">KM.0026451</subfield>
   <subfield code="j">KM.0026463</subfield>
  </datafield>
  <datafield tag="910" ind1="0" ind2="#">
   <subfield code="a">nhnam</subfield>
   <subfield code="f">20/09/2018</subfield>
   <subfield code="d">13/05/2011</subfield>
  </datafield>
  <datafield tag="980" ind1="#" ind2="#">
   <subfield code="a">Trung tâm Học liệu Lê Vũ Hùng, Trường Đại học Đồng Tháp</subfield>
  </datafield>
 </record>
</collection>
